01596nam a2200445 i 450000100060000000300090000600500170001500800410003202000150007304000280008804500170011608000160013308000120014924501130016126000650027430000450033933600270038433700540041133800280046538000170049338000230051049000730053350400390060665800130064565800510065865800210070964800140073065100110074465500190075565000120077464800140078665000130080065100200081365000240083365000260085770000430088371000530092683000730097985600980105239196KOSZ 00520240405063126.0981002s1995 enka g 001 0 pol  a0902763113 aWA NcWA NdKOSZ 005/RW2 bd1945bd1989 a94(438).083 a314.74300aPomoc krajowi przez niepodległościowe uchodźstwo 1945-1990 :bpraca zbiorowa /credakcja Roman Lewicki. aLondyn :bPolskie Towarzystwo Naukowe na Obczyźnie,c1995. a[10], 144 strony :bfotografie ;c22 cm. aTekstbtxt2rdacontent aBez urządzenia pośredniczącegobn2rdamedia aWoluminbnc2rdacarrier aKsiążki. aPublikacje naukowe1 aMateriały do Dziejów Uchodźstwa Niepodległościowego ;vt. 5. aBibliografia przy pracach. Indeks. aHistoria aPolityka, politologia, administracja publiczna aKultura i sztuka 4a1901-2000 4aPolska 4aPraca zbiorowa 4aKultura 4a1945-1989 4aPolityka 4aWielka Brytania 4aPolacy za granicą 4aOrganizacje polonijne1 aLewicki, Romand(1912-2004).eRedakcja2 aPolskie Towarzystwo Naukowe na Obczyźnie4pbl. 0aMateriały do Dziejów Uchodźstwa Niepodległościowego ;vt. 5. uhttp://koha.tu.koszalin.pl/cgi-bin/koha/opac-detail.pl?biblionumber=39196yKatalog online BPK